00555nam a2200157 a 45000010005000000030005000050050017000100080041000270400020000682450103000882600073001913000011002649420013002759990015002889520094003035756CDMR20131014171447.0130130s ||||||||||||||||||||||||||||d aCDMRbcatcCDMR 4aUna experiencia corporativa en la prensa del centro de EspañacMariano González-Rothvoss y Gil aMadridbComité Paritario Interlocal de la Prensa de MAdridc[s.d.] a110 p. cMON2udc c5756d5756 00104071aCDMRbCDMRd2013-01-16l0oDt 11/1pCDMR13108414r2013-01-16w2013-01-16yMON